000
00264nam a22001097a 4500
082
_a
629.13338 BER'R
100
_a
HULL, SEABROOK,BERGAUST, ERIK
_9
58941
245
_a
ROCKET TO THE MOON
260
_a
NEWYORK
_b
D. VAN NOSTRAND
_c
1958
300
_a
270P
942
_c
BK
999
_c
569012
_d
569012